00455nam a2200121Ia 4500008004100000100002500041245005900066245008900125260004900214260000900263650001300272856004800285170221s9999 xx 000 0 und d aChris Neuenschwander aPredatory lending characteristics and mortgage default cChris Neuenschwander, Anderson University; Dennis Proffitt, Grand Canyon University. bJournal of Management and Marketing Research c2012 xBusiness uhttp://www.aabri.com/manuscripts/141812.pdf